| 000 | 00950nam a22001935i 4500 | ||
|---|---|---|---|
| 001 | 161131 | ||
| 003 | ES-MaACL | ||
| 005 | 20250815110841.0 | ||
| 008 | 041019s1887 fr a |||| | ger d | ||
| 040 |
_aCAM _bspa _cCAM |
||
| 100 | 1 |
_aOsann, Alfred. _9130726 |
|
| 245 | 1 | 0 |
_aBeitrag zur Kenntniss der Labradorporphyre der Vogesen _b: Habilitationsschrift zur Erlangung der Venia Docenti der Hohen Philosophischen Facultät der Universität Heidelberg / _cvorgelegt von A. Osann. |
| 260 |
_aStrassburg : _bBuchdruckerei von R. Schultz & cie, _c1887. |
||
| 300 |
_a45 p., [1] h. de lám. ; _c28 cm. |
||
| 500 | _aSeparatabdruck aus den Abhandlungen zur geologischen Specialkarte von Els.-Lothr. Band III. Heft II. | ||
| 650 | 7 |
_aGeología _2embne _913086 |
|
| 852 |
_aES-MaACL _jT-898-F-9 _z-- Enc. hol. conservando la cub. original _z-- Legado de Federico de Botella y de Hornos _z-- Enc. en un vol. facticio |
||
| 999 |
_c161131 _d161131 |
||